000 00460nam a2200157 a 4500
001 000035504
005 20200930074406.0
008 111102s2004 sp 000 0 spa d
020 _a8423409945
040 _aDO-SdBNP
_bspa
_cBNPHU
082 _axxxx
_bS333p
100 1 _aSchiffman, Stephan
_961390
245 1 3 _aLa prospección de clientes por teléfono. /
_cStephan Schiffman.
260 _aMadrid :
_bEdiciones Deusto,
_c[19-?].
300 _a131 p. ;
_c22 cm.
999 _c34995
_d34995